Normal view
MARC view
- EXPERT ORACLE.ORACLE APPLICATION EXPRESS
Entry Topical Term
001 - CONTROL NUMBER
- control field: 68707
003 - CONTROL NUMBER IDENTIFIER
- control field: NUST
005 - DATE AND TIME OF LATEST TRANSACTION
- control field: 20210628204107.0
008 - FIXED-LENGTH DATA ELEMENTS
- fixed length control field: 210628|| aca||aabn | a|a d
040 ## - CATALOGING SOURCE
- Original cataloging agency: NUST
- Transcribing agency: NUST
150 ## - HEADING--TOPICAL TERM
- Topical term or geographic name entry element: EXPERT ORACLE.ORACLE APPLICATION EXPRESS
670 ## - SOURCE DATA FOUND
- Source citation: Work cat.: (NUST): Scott, John Edward , Aust, Dietmar , Souza, Martin Giffy D 68706, Expert oracle application express, 2011
